Quick Pick: Board Game Pieces Quiz Stats

 Plays Quiz Updated Feb 21, 2016

Score 0/8 Timer 01:00
1 Play Today
% Correct
Battleship
97.4%
Chess
97.3%
Operation
96.9%
Twister
95.1%
Scrabble
94.6%
Clue
93.7%
Monopoly
92.6%
Trouble
91.4%

Today's Daily Dose

Word Ladder
New York

Get the Picture
American Cars

You're not logged in!

Compare scores with friends on all Sporcle quizzes.
OR
Log In

You Might Also Like...

Show Comments

Extras

Top Quizzes Today


Score Distribution

Your Account Isn't Verified!

In order to create a playlist on Sporcle, you need to verify the email address you used during registration. Go to your Sporcle Settings to finish the process.

Report this User

Report this user for behavior that violates our Community Guidelines.

Details: